| 000 | 00359pab a2200121 454500 | ||
|---|---|---|---|
| 008 | 180718b xxu||||| |||| 00| 0 eng d | ||
| 100 | _aBaron, David P. | ||
| 245 | _aA spatial bargaining theory of government formation in parliamentary systems | ||
| 650 | _a Parliamentary System | ||
| 650 | _aGovernment | ||
| 773 | _aAmerican Political Science Review | ||
| 909 | _a690 | ||
| 999 |
_c690 _d690 |
||